| 000 | 00891nam a22002417a 4500 | ||
|---|---|---|---|
| 005 | 20130528155412.0 | ||
| 008 | 080826t xxu||||| |||| 00| 0 eng d | ||
| 010 | _aB-506584-585 | ||
| 020 |
_a9788131719565 _c560.00 |
||
| 035 | _aB-506584-585 | ||
| 037 | _aKKP/Ven | ||
| 040 |
_aDPL _bEnglish |
||
| 082 | _a000 | ||
| 100 | _aKhattar, Dinesh | ||
| 245 |
_aThe pearson guide to Quantitative aptitudefor competitive examinations / _bby Dinesh Khattar |
||
| 246 | _aQuantitative aptitudefor | ||
| 260 |
_aDelhi _bPearson Education _c20? |
||
| 270 |
_a7th Floor, Knowledge Boulevard, A-8(A), Sec-62 _bNoida _e201309 |
||
| 300 |
_aVarious pages _c25 cm (pbk) |
||
| 500 | _a. | ||
| 942 |
_2ddc _cEN _mKHA _h000 |
||
| 999 |
_c76082 _d76082 |
||